| 000 | 00537nam a22001817a 4500 | ||
|---|---|---|---|
| 005 | 20240920140215.0 | ||
| 008 | 240918b |||||||| |||| 00| 0 eng d | ||
| 020 | _a978-93-88280-76-1 | ||
| 041 | _aeng | ||
| 082 | _a615.1 | ||
| 100 |
_aJAIN, DR. BRIJENDRA BRAJMOHAN & KUMAR, DR. NILESH AND NAYAK, DR. ARABINDA _98533 |
||
| 245 | _aPHARMACOLOGY - I [B.PHARMA, 4TH SEMESTER ] | ||
| 250 | _a2ND. RE-PRINT ED. 2023 | ||
| 260 |
_aLUCKNOW _bTHAKUR PUBLICATION PVT.LTD |
||
| 300 | _a296;P | ||
| 650 |
_aPHARMACY _xB.PHARMA |
||
| 942 | _cBK | ||
| 999 |
_c8662 _d8660 |
||